01353 a2200205 4500003000500000005001700005010001700022020001500039040000900054082001600063100002900079245010800108260003400216300003400250505056200284650003500846856009800881856009000979856007801069Nust20220802124558.0 a 2003063761 a0471467375 cNust00a621.301,ZAR1 aZarowski, Christopher J.13aAn introduction to numerical analysis for electrical and computer engineers /cChristopher J. Zarowski. aHoboken, NJ :bWiley,cc2004. axvi, 586 p. :bill. ;c24 cm. aFunctional Analysis Ideas (Page-1), Number Representations (Page-38), Sequences and Series (Page-63), Linear Systems of Equations (Page-127), Orthogonal Polynomials (Page-207), Interpolation (Page- 251), Nonlinear Systems of Equations (Page-290), Unconstrained Optimization (Page-341), Numerical Integration and Differentiation (Page-369), Numerical Solution of Ordinary Differential Equations (Page-415), Numerical Methods for Eigenproblems (Page-480), Numerical Solution of Partial Differential Equations (Page-525), An Introduction to MATLAB (Page-565), 0aTelecommunication Engineering.423Contributor biographical informationuhttp://www.loc.gov/catdir/bios/wiley046/2003063761.html423Publisher descriptionuhttp://www.loc.gov/catdir/description/wiley041/2003063761.html423Table of contentsuhttp://www.loc.gov/catdir/toc/wiley041/2003063761.html